Škodové udalosti po živelnej pohrome v zákone o dani z príjmov
Zhrnutie niektorých dôležitých zásad, ktoré vyplývajú zo zákona o dani z príjmov, pre škody vzniknuté v dôsledku živelnej pohromy. Praktické príklady.
Gespeichert in:
| 1. Verfasser: | |
|---|---|
| Format: | Buchkapitel |
| Sprache: | Slowakisch |
| Schlagworte: | |
| Tags: |
Keine Tags, Fügen Sie das erste Tag hinzu!
|
MARC
| LEADER | 00000naa a2200000 4500 | ||
|---|---|---|---|
| 001 | 0306184 | ||
| 005 | 20250115093336.9 | ||
| 041 | 0 | |a slo | |
| 044 | |a SK | ||
| 245 | 1 | 0 | |a Škodové udalosti po živelnej pohrome v zákone o dani z príjmov |c Lucia Vanková |
| 520 | |a Zhrnutie niektorých dôležitých zásad, ktoré vyplývajú zo zákona o dani z príjmov, pre škody vzniknuté v dôsledku živelnej pohromy. Praktické príklady. | ||
| 610 | 2 | 0 | |a pohromy živelné |
| 610 | 2 | 0 | |a škody |
| 610 | 2 | 0 | |a dane |
| 610 | 2 | 0 | |a účtovníctvo |
| 610 | 2 | 0 | |a zákony |
| 610 | 2 | 0 | |a legislatíva |
| 100 | 1 | |a Vanková, Lucia | |